Türkiye, Avrupa, Avrasya (Record no. 13382)

MARC details
000 -BAŞLIK
Sabit Uzunlukta Kontrol Alanı 01027na a2200325 4500
999 ## - SİSTEM KONTROL NUMARALARI (KOHA)
Koha Biblionumber 13382
Koha Biblioitemnumber 13382
001 - KONTROL NUMARASI
Denetim Alanı 23922
003 - KONTROL NUMARASI IDENTIFIER
Denetim Alanı MIRAKIL
005 - SON İŞLEM TARİHİ VE ZAMANI
Denetim Alanı 20190702121002.0
008 - SABİT-BOY VERİ ELEMANLARI - GENEL BİLGİLER
Sabit Uzunlukta Kontrol Alanı 180122b tu 000 0
020 ## - ULUSLARARASI STANDART KİTAP NUMARASI
Uluslararası Standart Kitap Numarası 975617627X (2.c.)
040 ## - KATALOGLAMA KAYNAK
Orijinal Kataloglama Ajansı TR-AnCHP
Kataloglama Dili tur
Metne Dönüştürmek Ajansı TR-AnCHP
041 ## - DİL KODU
Metin / Ses Parça Veya Ayrı Başlığın Dil Kodu tur
082 ## - DEWEY ONLU SINIFLANDIRMA NUMARASI
Sınıflandırma Numarası 337.1420561
Ürün Numarası C35t 2005
090 ## - SINIFLAMA NUMARASI
Sınıflama Numarası 337.1420561 C35t 2005
100 ## - ANA GİRİŞ - KİŞİSEL İSİM
Kişisel Ad Cem, İsmail
245 ## - BAŞLIK TABLOSU
Başlık Türkiye, Avrupa, Avrasya
Başlığın Kalan Avrupa'nın ''Birliği'' ve Türkiye
Sorumluluk Tablosu, Vb İsmail Cem
246 ## - UNVAN FORM VARYING
Başlık Doğru / Kısa Başlığı Avrupa'nın ''Birliği'' ve Türkiye
260 ## - YAYIN, DAĞITIM, VB
Yayın, Dağıtım, Vb Yeri İstanbul
Yayıncı, Dağıtıcı, Vs Adı İstanbul Bilgi Üniversitesi
Yayın, Dağıtım, Vb Tarihi 2005
Üretici Firma Şefik Matbaası
300 ## - FİZİKSEL TANIM
Kapsam 2 c., 357 s.
Boyutlar 23 sm.
440 ## - SERİSİ TABLOSU / KATMA GİRİŞİ - BAŞLIK
Başlık İstanbul Bilgi Üniversitesi Yayınları
Hacim / Ardışık Tanımı 110
490 ## - SERİSİ TABLOSU
Seri Beyanı Dün-Bugün
Hacim / Ardışık Tanımı 8
504 ## - KAYNAKÇA VB NOT
Kaynakça Vb Notu Dizin var.
650 ## - KONU KATMA GİRİŞ - TOPİKAL DÖNEM
Topikal Süreli Veya Coğrafi Ad Giriş Elemanı Avrupa Birliği
Genel Alt Bölümü Türkiye
650 ## - KONU KATMA GİRİŞ - TOPİKAL DÖNEM
Topikal Süreli Veya Coğrafi Ad Giriş Elemanı Avrupa Ekonomik Topluluğu
Genel Alt Bölümü Türkiye
650 ## - KONU KATMA GİRİŞ - TOPİKAL DÖNEM
Topikal Süreli Veya Coğrafi Ad Giriş Elemanı Dış ilişkiler
Genel Alt Bölümü Türkiye
Kronolojik Alt Bölümü 1980-
740 ## - KATMA GİRİŞ - KONTROLSUZ İLGİLİ / ANALİTİK BAŞLIK
Kontrol Edilmeyen / İlgili Analitik Başlıktaki Avrupa'nın ''Birliği'' ve Türkiye
942 ## - EKLENDİ GİRİŞ ELEMANLARI (KOHA)
Koha Öğesi Türü Books
Sınıflandırma Veya Raf Düzeni Kaynak Dewey Decimal Classification
999 ## - SİSTEM KONTROL NUMARALARI (KOHA)
Koha Biblioitemnumber 13382
999 ## - SİSTEM KONTROL NUMARALARI (KOHA)
Koha Biblioitemnumber 10489
Holdings
Kalıcı Konum Mevcut Konum Edinme Tarihi Toplam Check-Out'Lar Tam Çağrı Numarası Barkod Tarih Son Görülme İtibaren Geçerli Fiyatlar Sigara Kamu Notu Koha Öğesi Türü
Parti Okulu Kütüphanesi Parti Okulu Kütüphanesi 07/02/2019   337.1420561 C35t 2005 P00544 07/02/2019 07/02/2019 Ertuğrul Çepni bağışıdır. Books